Managing organisational change / (Record no. 2409)

000 -LEADER
fixed length control field 00699nam a22002297a 4500
003 - CONTROL NUMBER IDENTIFIER
control field OSt
005 - DATE AND TIME OF LATEST TRANSACTION
control field 20160719171655.0
008 - FIXED-LENGTH DATA ELEMENTS--GENERAL INFORMATION
fixed length control field 160719b xxu||||| |||| 00| 0 eng d
020 ## - INTERNATIONAL STANDARD BOOK NUMBER
International Standard Book Number 0471342351
050 ## - LIBRARY OF CONGRESS CALL NUMBER
Classification number HD58.8.M3623 2002
100 ## - MAIN ENTRY--PERSONAL NAME
Personal name Graetz, Fiona
245 ## - TITLE STATEMENT
Title Managing organisational change /
Statement of responsibility, etc Fiona Graetz ... [et al.].
260 ## - PUBLICATION, DISTRIBUTION, ETC. (IMPRINT)
Place of publication, distribution, etc Milton, Qld. :
Name of publisher, distributor, etc John Wiley & Sons Australia,
Date of publication, distribution, etc c2002.
300 ## - PHYSICAL DESCRIPTION
Extent x, 414 p.
Other physical details : ill. ;
504 ## - BIBLIOGRAPHY, ETC. NOTE
Bibliography, etc Includes bibliographical references and index.
650 ## - SUBJECT ADDED ENTRY--TOPICAL TERM
Topical term or geographic name as entry element Organizational change -- Management.
650 ## - SUBJECT ADDED ENTRY--TOPICAL TERM
Topical term or geographic name as entry element Industrial management.
700 ## - ADDED ENTRY--PERSONAL NAME
Personal name Rimmer, Malcom
700 ## - ADDED ENTRY--PERSONAL NAME
Personal name Lawrence, Ann
700 ## - ADDED ENTRY--PERSONAL NAME
Personal name Smith, Aoron
942 ## - ADDED ENTRY ELEMENTS (KOHA)
Source of classification or shelving scheme
Koha item type Book
Holdings
Withdrawn status Lost status Source of classification or shelving scheme Damaged status Not for loan Home library Current library Shelving location Date acquired Total Checkouts Full call number Barcode Date last seen Copy number Price effective from Koha item type
          Riara University Library Riara University Library General stack 19/07/2016   HD58.8.M3623 2002 7309/16 27/07/2016 C.1 19/07/2016 Book
          Riara University Library Riara University Library General stack 30/09/2016   HD58.8.M3623 2002 8675/16 20/08/2018 C.2 30/09/2016 Book

Riara University Library,
P.O. Box 49940-00100,
Nairobi, Kenya.